|
|
|
|
| LEADER |
00000cam a2200000 4500 |
| 001 |
vtls012053575 |
| 003 |
SK-MaSNL |
| 005 |
20260425225601.0 |
| 008 |
210511s2020 xo o f 000 0 eng |
| 015 |
|
|
|a SNBE2022
|
| 020 |
|
|
|a 9788057032069
|q (brožované)
|z 9788057023746
|
| 040 |
|
|
|a SNK
|b slo
|c SNK
|e rda
|
| 041 |
0 |
|
|a eng
|
| 043 |
|
|
|a e-xo---
|
| 044 |
|
|
|a xo
|c SK
|
| 072 |
|
7 |
|a 71
|x Územné plánovanie. Urbanizmus. Pamiatková starostlivosť
|2 konspekt
|
| 080 |
|
|
|a 711.4
|2 2011
|
| 080 |
|
|
|a 502.22:711.4
|2 2011
|
| 080 |
|
|
|a 551.583
|2 2011
|
| 080 |
|
|
|a 574.1
|2 2011
|
| 080 |
|
|
|a (437.6)
|2 2011
|
| 080 |
|
|
|a (083.82)
|2 2011
|
| 080 |
|
|
|a 504.7:551.583
|2 2011
|
| 080 |
|
|
|a 502.13:551.583
|2 2011
|
| 100 |
1 |
|
|a Stano, Pavol
|4 aut
|9 269457
|
| 245 |
1 |
0 |
|a Catalogue of selected adaptation and mitigation measures
|c authors: Pavol Stano, Andrej Šteiner, Zuzana Hudeková, Mirek Lupač, Viktor Třebický, Josef Novák, Ľubica Šimkovicová, Vladimír Šimkovic, Silvia Halková
|
| 264 |
|
1 |
|a Bratislava
|b [Miestny úrad mestskej časti Bratislava-Karlova Ves]
|c 2020
|
| 300 |
|
|
|a 58 strán
|b farebné fotografie
|c 30 cm
|
| 336 |
|
|
|a text
|b txt
|2 rdacontent
|
| 337 |
|
|
|a bez média
|b n
|2 rdamedia
|
| 338 |
|
|
|a zväzok
|b nc
|2 rdacarrier
|
| 500 |
|
|
|a Vydavateľ podľa NA ISBN
|
| 500 |
|
|
|a Chybné ISBN (zhodné so slovenskou mutáciou), správne má byť 9788057032069
|
| 504 |
|
|
|a Obsahuje bibliografiu
|
| 650 |
0 |
7 |
|a urbanizmus
|2 SNKPH
|9 2925
|
| 650 |
0 |
7 |
|a životné prostredie miest
|2 SNKPH
|9 67576
|
| 650 |
0 |
7 |
|a klimatické zmeny
|2 SNKPH
|9 3351
|
| 650 |
0 |
7 |
|a biodiverzita
|2 SNKPH
|9 3702
|
| 650 |
0 |
7 |
|a City planning
|2 SNKPHeng
|9 302482
|
| 650 |
0 |
7 |
|a Urban ecology
|2 SNKPHeng
|9 331281
|
| 650 |
0 |
7 |
|a Climatic changes
|2 SNKPHeng
|9 132060
|
| 650 |
0 |
7 |
|a Biodiversity
|2 SNKPHeng
|9 266352
|
| 650 |
0 |
7 |
|a adaptácia na zmenu klímy
|2 SNKPH
|9 331279
|
| 650 |
0 |
7 |
|a Climate change adaptation
|2 SNKPHeng
|9 331282
|
| 651 |
|
7 |
|a Slovensko
|2 SNKPH
|9 14231
|
| 651 |
|
7 |
|a Slovakia
|2 SNKPHeng
|9 92630
|
| 655 |
|
7 |
|a katalógy
|2 SNKPH
|9 60821
|
| 655 |
|
7 |
|a Catalogs
|2 SNKPHeng
|9 266059
|
| 700 |
1 |
|
|a Šteiner, Andrej
|4 aut
|9 402221
|
| 700 |
1 |
|
|a Hudeková, Zuzana
|4 aut
|9 367981
|
| 700 |
1 |
|
|a Lupač, Mirek
|4 aut
|9 402222
|
| 700 |
1 |
|
|a Třebický, Viktor
|4 aut
|9 402223
|
| 700 |
1 |
|
|a Novák, Josef
|4 aut
|9 6002
|
| 700 |
1 |
|
|a Šimkovicová, Ľubica
|4 aut
|9 402224
|
| 700 |
1 |
|
|a Šimkovic, Vladimír
|4 aut
|9 402225
|
| 700 |
1 |
|
|a Halková, Silvia
|4 aut
|9 352593
|
| 852 |
|
|
|a Štátna vedecká knižnica v Banskej Bystrici
|
| 919 |
|
|
|a 978-80-570-3206-9
|
| 958 |
|
|
|a NB
|
| 999 |
|
|
|c 653274
|d 655204
|
| 952 |
|
|
|a SNK
|b SNK
|y PREZ
|7 0
|p 17A1458513
|o snkSB 97053
|i snk2021/12516
|8 0
|0 0
|1 0
|4 0
|d 2021-09-14
|f 1
|l 0
|r 2025-05-19 00:00:00
|w 2026-02-23
|